00850nas a2200229Ia 4500001001100000003000900011008004100020040001300061040001300074041001300087100004500100210001700145222001700162245016300179250001100342260004600353501008600399300002000485362003300505500004600538650003600584R020/B9115IT-RoPAU151124c99999999xx |||||||||||| ||und|| aIT-RoPAU cIT-RoPAU aITALIANO aHiggins StevengCodice Aut. SPICS: 22066 aGRIFFITHIANA aGriffithiana aGRIFFITHIANA, ANNO 16-N.47 (MAGGIO 1993)bTassonomia Preliminare Delle Pratiche Filmografiche... Con Alcune Riflessioni Sulla Filmografia Dell'American Eclair a1a ed. aGEMONA (UDINE)bCINETECA DEL FRIULIc1993 bPaulus - SPICS - Società San Paolo EM (non-commercial uses only)cCopyright2015 a14 p. [188-201] aANNO 016, N.47 (MAGGIO 1993) aArticolo Tradotto anche in Lingua Inglese aCINEMAvPUBBLICAZIONE PERIODICA